[Event "CZE-chT2E 2223"]
[Site "Czech Republic"]
[Date "2023.02.19"]
[Round "9.3"]
[White "Cagasik, Tomas"]
[Black "Zurek, Milan"]
[Result "1/2-1/2"]
[WhiteElo "2082"]
[BlackElo "2327"]
[PlyCount "116"]
[EventDate "2022.10.16"]
[EventType "team-tourn"]
[EventRounds "11"]
[EventCountry "CZE"]
[SourceTitle "EXT 2024"]
[Source "ChessBase"]
[SourceDate "2023.10.10"]
[SourceVersion "1"]
[SourceVersionDate "2023.10.10"]
[SourceQuality "1"]
[WhiteTeam "Kromeriz Slavia II"]
[BlackTeam "Grygov"]
[WhiteTeamCountry "CZE"]
[BlackTeamCountry "CZE"]

1. b3 d5 2. Bb2 c6 3. c4 Bf5 4. Nf3 e6 5. d3 h6 6. Nbd2 Nf6 7. h3 Bh7 8. g4 Nbd7 9. Rg1 g5 10. Qc2 Rg8 11. Ne5 Nxe5 12. Bxe5 Nd7 13. Bb2 Bg7 14. Bxg7 Rxg7 15. Qc3 Qf6 16. Qxf6 Nxf6 17. Nf3 Ke7 18. Rc1 Nd7 19. cxd5 exd5 20. Nd4 Kd6 21. Rg3 f6 22. Bg2 Re7 23. Kd2 a6 24. h4 Rae8 25. b4 a5 26. a3 axb4 27. axb4 Ra8 28. hxg5 hxg5 29. Rh1 Bg6 30. Rh6 Rg7 31. Re3 Ne5 32. Nf5+ Bxf5 33. gxf5 Rf7 34. Kc3 Rff8 35. d4 Nc4 36. Re6+ Kc7 37. Rh7+ Kb6 38. Bxd5 Na3 39. Bc4 Nb1+ 40. Kb2 Ra4 41. Bb3 Rxb4 42. Ree7 Rb8 43. Rhf7 Ka5 44. Kxb1 Rxb3+ 45. Kc2 Rb5 46. Rxf6 Kb4 47. Re5 Kc4 48. Rxb5 cxb5 49. Rd6 b4 50. f6 b3+ 51. Kb2 Re8 52. e3 Ra8 53. f4 Ra2+ 54. Kb1 Rf2 55. Rd7 Rf1+ 56. Kb2 Rf2+ 57. Kb1 Rf1+ 58. Kb2 Rf2+ 1/2-1/2

[Event "CZE-chT2F 1617"]
[Site "Czech Republic"]
[Date "2016.11.27"]
[Round "4.1"]
[White "Zurek, Milan"]
[Black "Zilka, Stepan"]
[Result "0-1"]
[WhiteElo "2355"]
[BlackElo "2531"]
[PlyCount "62"]
[EventDate "2016.10.09"]
[EventType "team-tourn"]
[EventRounds "11"]
[EventCountry "CZE"]
[SourceTitle "EXT 2022"]
[Source "ChessBase"]
[SourceDate "2021.10.06"]
[SourceVersion "1"]
[SourceVersionDate "2021.10.06"]
[SourceQuality "1"]
[WhiteTeam "Unicov"]
[BlackTeam "Velke Losiny"]
[WhiteTeamCountry "CZE"]
[BlackTeamCountry "CZE"]

1. d4 Nf6 2. Bf4 c5 3. e3 Qb6 4. Nc3 cxd4 5. exd4 Qxb2 6. Nb5 Na6 7. a3 Nd5 8. Bd2 Nac7 9. Rb1 Qa2 10. Nxc7+ Nxc7 11. Rb3 a5 12. Bc4 b5 13. Bxf7+ Kxf7 14. Qf3+ Kg8 15. Ne2 e6 16. 0-0 Qxc2 17. Rc3 Qxd2 18. Rxc7 Rb8 19. Nf4 Qxd4 20. Nxe6 Qf6 21. Nf4 Qf7 22. Rfc1 Bb7 23. Rxb7 Rxb7 24. Qxb7 Qxf4 25. Rc8 Qf5 26. g4 Qxg4+ 27. Kf1 Qd1+ 28. Kg2 Qg4+ 29. Kf1 Qh3+ 30. Kg1 Qe6 31. Qxb5 h5 0-1

[Event "CZE-chT 1011"]
[Site "Czech Republic"]
[Date "2011.01.23"]
[Round "7.7"]
[White "Jasny, Stanislav"]
[Black "Zurek, Milan"]
[Result "1-0"]
[WhiteElo "2351"]
[BlackElo "2367"]
[PlyCount "37"]
[EventDate "2010.11.05"]
[EventType "team-tourn"]
[EventRounds "11"]
[EventCountry "CZE"]
[SourceTitle "EXT 2012"]
[Source "ChessBase"]
[SourceDate "2011.11.24"]
[SourceVersion "1"]
[SourceVersionDate "2011.11.24"]
[SourceQuality "1"]
[WhiteTeam "Frydek Mistek"]
[BlackTeam "Litovel"]
[WhiteTeamCountry "CZE"]
[BlackTeamCountry "CZE"]

1. e4 c5 2. Nf3 e6 3. d4 cxd4 4. Nxd4 a6 5. Nc3 Qc7 6. Bd3 b5 7. 0-0 Bb7 8. Re1 b4 9. Nd5 exd5 10. exd5+ Ne7 11. Nf5 Bxd5 12. Be4 Bxe4 13. Nd6+ Kd8 14. Nxf7+ Ke8 15. Nd6+ Kd8 16. Rxe4 Rg8 17. Bf4 Qb6 18. Qh5 g6 19. Qxh7 1-0

[Event "CZE-chT 1011"]
[Site "Czech Republic"]
[Date "2011.01.09"]
[Round "5.7"]
[White "Zurek, Milan"]
[Black "Stachowiak, Kamil"]
[Result "0-1"]
[WhiteElo "2367"]
[BlackElo "2404"]
[PlyCount "86"]
[EventDate "2010.11.05"]
[EventType "team-tourn"]
[EventRounds "11"]
[EventCountry "CZE"]
[SourceTitle "EXT 2012"]
[Source "ChessBase"]
[SourceDate "2011.11.24"]
[SourceVersion "1"]
[SourceVersionDate "2011.11.24"]
[SourceQuality "1"]
[WhiteTeam "Litovel"]
[BlackTeam "Grygov"]
[WhiteTeamCountry "CZE"]
[BlackTeamCountry "CZE"]

1. d4 d5 2. c3 Nf6 3. Bf4 c5 4. e3 Nc6 5. Nd2 Bf5 6. Qb3 Qc8 7. dxc5 e5 8. Bg3 Bxc5 9. Ngf3 Bd6 10. Bb5 Qc7 11. c4 a6 12. Bxc6+ bxc6 13. c5 Bxc5 14. Bxe5 Bd6 15. Bxd6 Qxd6 16. Rc1 0-0 17. Nd4 Bd7 18. Qa3 Qxa3 19. bxa3 Rfc8 20. N2b3 Ne4 21. Nc5 Nxc5 22. Rxc5 Rcb8 23. 0-0 Rb2 24. Ra1 Rc8 25. h3 Kf8 26. Nb3 Ke7 27. Ra5 Ra8 28. f3 f5 29. Re1 Kd6 30. e4 fxe4 31. fxe4 Re8 32. Nc5 Rb5 33. Rxb5 axb5 34. Nb7+ Kc7 35. Nc5 Bf5 36. Kf2 Bxe4 37. Nxe4 Rxe4 38. Rxe4 dxe4 39. Ke3 Kd6 40. Kxe4 Kc5 41. Kd3 Kd5 42. Kc3 c5 43. Kd3 c4+ 0-1

[Event "CZE-chT2F 1011"]
[Site "Czech Republic"]
[Date "2010.10.17"]
[Round "1.1"]
[White "Zurek, Milan"]
[Black "Jaworski, Miroslaw"]
[Result "1/2-1/2"]
[WhiteElo "2367"]
[BlackElo "2335"]
[PlyCount "23"]
[EventDate "2010.10.17"]
[EventType "team-tourn"]
[EventRounds "11"]
[EventCountry "CZE"]
[SourceTitle "EXT 2012"]
[Source "ChessBase"]
[SourceDate "2011.11.24"]
[SourceVersion "1"]
[SourceVersionDate "2011.11.24"]
[SourceQuality "1"]
[WhiteTeam "Unicov"]
[BlackTeam "Ostrava Labortech II"]
[WhiteTeamCountry "CZE"]
[BlackTeamCountry "CZE"]

1. e3 Nf6 2. b3 e5 3. Bb2 Nc6 4. c4 g6 5. Nf3 d6 6. d4 Bg7 7. Nc3 0-0 8. dxe5 Nxe5 9. Be2 Nfd7 10. Nd4 Nc5 11. 0-0 Re8 12. Qc2 1/2-1/2

[Event "CZE-chT1E 0910"]
[Site "Czech Republic"]
[Date "2009.12.13"]
[Round "5.6"]
[White "Sojka, Ales"]
[Black "Zurek, Milan"]
[Result "1/2-1/2"]
[WhiteElo "2179"]
[BlackElo "2354"]
[PlyCount "80"]
[EventDate "2009.11.15"]
[EventType "team-tourn"]
[EventRounds "11"]
[EventCountry "CZE"]
[SourceTitle "EXT 2011"]
[Source "ChessBase"]
[SourceDate "2010.11.26"]
[SourceVersion "1"]
[SourceVersionDate "2010.11.26"]
[SourceQuality "1"]
[WhiteTeam "Kromeriz"]
[BlackTeam "Litovel"]
[WhiteTeamCountry "CZE"]
[BlackTeamCountry "CZE"]

1. e4 c6 2. d4 d5 3. exd5 cxd5 4. c3 Nc6 5. Nf3 a6 6. Bf4 Bg4 7. Nbd2 e6 8. h3 Bh5 9. Be2 Bd6 10. Bxd6 Qxd6 11. 0-0 Nge7 12. Ne5 Bxe2 13. Qxe2 Nxe5 14. dxe5 Qb6 15. Nb3 0-0 16. Rad1 Rac8 17. Rd4 Rc7 18. Rfd1 Rfc8 19. Rb4 Qa7 20. Rg4 b5 21. a3 Qb6 22. Nd4 Rc4 23. Qe3 Qd8 24. Qg3 Qf8 25. Rd3 Nc6 26. Nxc6 R8xc6 27. Rdd4 g6 28. Qe3 Qd8 29. h4 h5 30. Rgf4 Rxd4 31. Rxd4 Rc4 32. g3 Kg7 33. Rd3 Qc7 34. Rd4 Qc5 35. Qf4 Qe7 36. Kf1 a5 37. Ke2 Rc8 38. a4 Rb8 39. axb5 Rxb5 40. b4 axb4 1/2-1/2

[Event "CZE-chT1E 0809"]
[Site "Czech Republic"]
[Date "2008.11.29"]
[Round "4.2"]
[White "Cerveny, Petr"]
[Black "Zurek, Milan"]
[Result "1/2-1/2"]
[WhiteElo "2343"]
[BlackElo "2374"]
[PlyCount "57"]
[EventDate "2008.11.08"]
[EventType "tourn"]
[EventRounds "11"]
[EventCountry "CZE"]
[SourceTitle "EXT 2010"]
[Source "ChessBase"]
[SourceDate "2010.11.25"]
[SourceVersion "1"]
[SourceVersionDate "2010.11.25"]
[SourceQuality "1"]
[WhiteTeam "Brno Duras"]
[BlackTeam "Litovel"]
[WhiteTeamCountry "CZE"]
[BlackTeamCountry "CZE"]

1. Nf3 d5 2. g3 c6 3. Bg2 Bf5 4. b3 h6 5. Bb2 e6 6. d3 Nf6 7. Nbd2 Be7 8. 0-0 0-0 9. c4 Bh7 10. Rc1 Nbd7 11. cxd5 exd5 12. Rc2 a5 13. a3 Ne8 14. Qa1 Bf6 15. Ne5 Nxe5 16. Bxe5 Bxe5 17. Qxe5 Nd6 18. Nf3 Re8 19. Qb2 Qb6 20. Rb1 Nb5 21. a4 Nd6 22. Qd4 Qd8 23. Bh3 Bf5 24. Bxf5 Nxf5 25. Qf4 Nd6 26. Nd4 Qd7 27. e3 Ra6 28. Rbc1 Qe7 29. h3 1/2-1/2

[Event "CZE-chT1E 0607"]
[Site "Czech Republic"]
[Date "2007.03.04"]
[Round "9.4"]
[White "Zurek, Milan"]
[Black "Biolek, Richard Jr"]
[Result "1-0"]
[WhiteElo "2392"]
[BlackElo "2304"]
[PlyCount "55"]
[EventDate "2006.10.15"]
[EventType "team-tourn"]
[EventRounds "11"]
[EventCountry "CZE"]
[SourceTitle "EXT 2008"]
[Source "ChessBase"]
[SourceDate "2007.11.25"]
[SourceVersion "1"]
[SourceVersionDate "2007.11.25"]
[SourceQuality "1"]

1. d4 d5 2. c3 g6 3. Bf4 Bg7 4. e3 Nf6 5. Nd2 Nbd7 6. h3 0-0 7. Ngf3 Re8 8. Bd3 Nf8 9. Ne5 Nh5 10. Bh2 f6 11. Nef3 e5 12. Be2 e4 13. Ng1 f5 14. Bxh5 Qg5 15. Bf3 exf3 16. Qxf3 c6 17. Ne2 b6 18. 0-0 Ba6 19. Rfe1 Qe7 20. Rac1 Ne6 21. Nf4 Ng5 22. Qd1 Bh6 23. Qa4 Bb5 24. Qb3 Ne4 25. Nxd5 cxd5 26. Qxd5+ Qf7 27. Nxe4 fxe4 28. Qxb5 1-0

[Event "CZE-chT1E 0607"]
[Site "Czech Republic"]
[Date "2007.01.07"]
[Round "5.2"]
[White "Zurek, Milan"]
[Black "Smistik, Milan"]
[Result "1/2-1/2"]
[WhiteElo "2369"]
[BlackElo "2338"]
[PlyCount "133"]
[EventDate "2006.10.15"]
[EventType "team-tourn"]
[EventRounds "11"]
[EventCountry "CZE"]
[SourceTitle "EXT 2008"]
[Source "ChessBase"]
[SourceDate "2007.11.25"]
[SourceVersion "1"]
[SourceVersionDate "2007.11.25"]
[SourceQuality "1"]

1. b3 e5 2. Bb2 Nc6 3. e3 Nf6 4. Bb5 d6 5. c4 Bd7 6. d4 a6 7. Bxc6 Bxc6 8. Nf3 exd4 9. Qxd4 Qd7 10. Nc3 Qf5 11. Nh4 Qh5 12. Qf4 0-0-0 13. 0-0 Rg8 14. Qf5+ Qxf5 15. Nxf5 Bd7 16. Ng3 h5 17. e4 h4 18. Nge2 h3 19. g3 Ng4 20. Nd5 Re8 21. f3 Nh6 22. g4 f5 23. gxf5 Nxf5 24. Kf2 Ne7 25. Nef4 g5 26. Nh5 Nxd5 27. cxd5 Be7 28. Bf6 Rg6 29. Bxe7 Rxe7 30. Rg1 g4 31. Ke3 Re5 32. Nf4 Rg8 33. Nxh3 Rh8 34. Nf2 gxf3 35. Kxf3 c6 36. Raf1 Rxh2 37. Rg8+ Kc7 38. Rg7 Re8 39. dxc6 bxc6 40. Rf7 Rhh8 41. Rg1 Ref8 42. Rgg7 Kb6 43. Ke3 Rxf7 44. Rxf7 Be6 45. Re7 Rh6 46. Nd3 Rh3+ 47. Kd2 Rh2+ 48. Kc3 Bg4 49. Nb2 Rh3+ 50. Kd4 Be2 51. Rd7 Rh6 52. Na4+ Ka5 53. Rb7 Bb5 54. Kc3 Rh4 55. e5 dxe5 56. Nc5 Rh3+ 57. Kb2 Kb4 58. Nxa6+ Ka5 59. Nb8 c5 60. a4 Be8 61. Re7 Rh8 62. Rb7 c4 63. Nd7 Bxd7 64. Rxd7 cxb3 65. Kxb3 Rh3+ 66. Kc4 Rh4+ 67. Kd3 1/2-1/2

[Event "CZE-chT1E 0607"]
[Site "Czech Republic"]
[Date "2006.12.10"]
[Round "4.2"]
[White "Poloch, Petr"]
[Black "Zurek, Milan"]
[Result "1/2-1/2"]
[WhiteElo "2307"]
[BlackElo "2392"]
[PlyCount "29"]
[EventDate "2006.10.15"]
[EventType "team-tourn"]
[EventRounds "11"]
[EventCountry "CZE"]
[SourceTitle "EXT 2008"]
[Source "ChessBase"]
[SourceDate "2007.11.25"]
[SourceVersion "1"]
[SourceVersionDate "2007.11.25"]
[SourceQuality "1"]

1. e4 c6 2. d4 d5 3. e5 Bf5 4. Nc3 e6 5. g4 Bg6 6. Nge2 Be7 7. Be3 b5 8. Ng3 Nd7 9. Bg2 Nb6 10. 0-0 Nc4 11. Bc1 Nh6 12. Bxh6 gxh6 13. b3 Na3 14. Rc1 c5 15. Nce2 1/2-1/2

[Event "CZE-chT1E 0607"]
[Site "Czech Republic"]
[Date "2006.11.12"]
[Round "2.1"]
[White "Zurek, Milan"]
[Black "Malinovsky, Karel"]
[Result "1/2-1/2"]
[WhiteElo "2392"]
[BlackElo "2346"]
[PlyCount "65"]
[EventDate "2006.10.15"]
[EventType "team-tourn"]
[EventRounds "11"]
[EventCountry "CZE"]
[SourceTitle "EXT 2008"]
[Source "ChessBase"]
[SourceDate "2007.11.25"]
[SourceVersion "1"]
[SourceVersionDate "2007.11.25"]
[SourceQuality "1"]

1. b3 d5 2. e3 Nf6 3. Bb2 e6 4. f4 Be7 5. Nf3 c5 6. Bb5+ Bd7 7. Be2 Nc6 8. 0-0 0-0 9. Ne5 Ne4 10. d3 Nd6 11. Nxd7 Qxd7 12. Bf3 Rfd8 13. Nd2 Nf5 14. Re1 d4 15. Nc4 Nxe3 16. Nxe3 dxe3 17. Bxc6 Qxc6 18. Qg4 g6 19. Qg3 Bf8 20. Qxe3 Bg7 21. Bxg7 Kxg7 22. Qe5+ Kg8 23. Qf6 Rd5 24. Re4 Rf5 25. Qc3 Qd6 26. Rf1 h5 27. h3 h4 28. Qe1 Qd8 29. Kh1 Qf6 30. Re5 Rxf4 31. Rxf4 Qxf4 32. Rxc5 Rd8 33. Qc3 1/2-1/2

[Event "Pardubice op-A"]
[Site "Pardubice"]
[Date "2006.07.29"]
[Round "9"]
[White "Jakubowski, Krzysztof"]
[Black "Zurek, Milan"]
[Result "1-0"]
[WhiteElo "2507"]
[BlackElo "2392"]
[PlyCount "35"]
[EventDate "2006.07.21"]
[EventType "swiss"]
[EventRounds "9"]
[EventCountry "CZE"]
[SourceTitle "CBM 113 Extra"]
[Source "ChessBase"]
[SourceDate "2006.09.14"]
[SourceVersion "1"]
[SourceVersionDate "2006.09.14"]
[SourceQuality "1"]

1. d4 d5 2. c4 dxc4 3. Nf3 c6 4. a4 b5 5. b3 cxb3 6. axb5 e5 7. Qxb3 Be6 8. Qb2 Qb6 9. Nxe5 Nf6 10. e3 a5 11. Be2 Bd6 12. Nd2 Bxe5 13. dxe5 Nbd7 14. Bf3 Qc5 15. Ne4 Qxe5 16. Qa3 cxb5 17. Nd6+ Ke7 18. Nxb5+ 1-0

[Event "Pardubice op-A"]
[Site "Pardubice"]
[Date "2006.07.28"]
[Round "8"]
[White "Swicarz, Maciej"]
[Black "Zurek, Milan"]
[Result "0-1"]
[WhiteElo "2268"]
[BlackElo "2392"]
[PlyCount "112"]
[EventDate "2006.07.21"]
[EventType "swiss"]
[EventRounds "9"]
[EventCountry "CZE"]
[SourceTitle "CBM 113 Extra"]
[Source "ChessBase"]
[SourceDate "2006.09.14"]
[SourceVersion "1"]
[SourceVersionDate "2006.09.14"]
[SourceQuality "1"]

1. e4 d5 2. Nc3 c6 3. d4 a6 4. Nf3 Bg4 5. Be2 e6 6. Qd3 Nf6 7. Bg5 Be7 8. e5 Nfd7 9. Bxe7 Qxe7 10. Nd1 c5 11. c3 cxd4 12. cxd4 Nc6 13. a3 Bxf3 14. Bxf3 Qh4 15. g4 f6 16. Be2 fxe5 17. dxe5 Ndxe5 18. Qg3 Ng6 19. 0-0 Nd4 20. Nc3 Rc8 21. Rae1 Qxg3+ 22. hxg3 0-0 23. f4 Nc2 24. Rc1 Ne3 25. Rfe1 d4 26. Ne4 e5 27. f5 Ne7 28. Nd6 Rxc1 29. Rxc1 Rf6 30. Nxb7 e4 31. Nc5 d3 32. Bd1 d2 33. Ra1 Nxd1 34. Rxd1 e3 35. Kf1 Rh6 36. Ke2 Nd5 37. Rg1 Rh2+ 38. Kd3 Rg2 39. Rh1 Rxg3 40. Nxa6 Rxg4 41. Nc5 Rc4 42. Nb3 Rf4 43. Na5 Rd4+ 44. Ke2 Re4 45. Nb3 h5 46. Kd3 Rf4 47. Ke2 h4 48. Na1 Rc4 49. Nb3 h3 50. Kd3 Rg4 51. a4 Rxa4 52. Kc2 Rc4+ 53. Kd3 Rb4 54. Na5 Rg4 55. b3 Rd4+ 56. Ke2 d1Q+ 0-1

[Event "CZE-chT1 East 0506"]
[Site "Czech Republic"]
[Date "2006.01.22"]
[Round "6.2"]
[White "Sosna, Jan"]
[Black "Zurek, Milan"]
[Result "1-0"]
[WhiteElo "2414"]
[BlackElo "2397"]
[PlyCount "113"]
[EventDate "2005.10.23"]
[EventType "team-tourn"]
[EventRounds "11"]
[EventCountry "CZE"]
[SourceTitle "EXT 2008"]
[Source "ChessBase"]
[SourceDate "2007.11.25"]
[SourceVersion "1"]
[SourceVersionDate "2007.11.25"]
[SourceQuality "1"]

1. d4 d5 2. Nf3 c6 3. Bf4 Bf5 4. Nbd2 e6 5. c4 Bd6 6. Bxd6 Qxd6 7. Qb3 Qc7 8. Nh4 Bg6 9. Nxg6 hxg6 10. g3 Nd7 11. Bg2 Qb6 12. Qc3 Ne7 13. 0-0 0-0 14. b4 a5 15. Rfb1 axb4 16. Rxb4 Qc7 17. Rab1 Ra7 18. c5 Rb8 19. Qb2 e5 20. e3 exd4 21. exd4 Nf8 22. Bh3 Nf5 23. Qc2 Nh6 24. a4 g5 25. Nf1 Nh7 26. Ne3 g6 27. Qc1 Kg7 28. Bg2 Nf6 29. Nf1 g4 30. Ne3 Re8 31. Qd1 Re7 32. Bf1 Ne4 33. R1b3 f5 34. Nc2 Nf7 35. Ne1 Nfg5 36. Bg2 Qd8 37. f3 gxf3 38. Nxf3 Nxf3+ 39. Bxf3 Ng5 40. Bg2 Qe8 41. Bf1 Re1 42. Qd2 Qe7 43. h4 Nf7 44. Kf2 Nh6 45. Be2 Rh1 46. Qe3 Rh2+ 47. Kf1 Qe4 48. Rxb7+ Rxb7 49. Rxb7+ Kg8 50. Qxe4 fxe4 51. g4 Rh1+ 52. Kf2 Ra1 53. Ra7 Ra3 54. a5 Nf7 55. a6 Kf8 56. Rc7 Nd8 57. a7 1-0

[Event "CZE-chT1 East 0506"]
[Site "Czech Republic"]
[Date "2005.11.13"]
[Round "2.1"]
[White "Zurek, Milan"]
[Black "Mudrak, Josef"]
[Result "1/2-1/2"]
[WhiteElo "2403"]
[BlackElo "2302"]
[PlyCount "65"]
[EventDate "2005.10.23"]
[EventType "team-tourn"]
[EventRounds "11"]
[EventCountry "CZE"]
[SourceTitle "EXT 2008"]
[Source "ChessBase"]
[SourceDate "2007.11.25"]
[SourceVersion "1"]
[SourceVersionDate "2007.11.25"]
[SourceQuality "1"]

1. d4 Nf6 2. c3 g6 3. Bg5 Bg7 4. Nd2 d5 5. e3 0-0 6. Bd3 b6 7. f4 c5 8. Qf3 Nc6 9. Ne2 Bg4 10. Qf2 Qd7 11. Ng3 e6 12. Nf3 Bf5 13. Nxf5 exf5 14. Bxf6 Bxf6 15. Ne5 Nxe5 16. dxe5 Bg7 17. 0-0-0 Qe6 18. Ba6 Rab8 19. c4 Rfd8 20. cxd5 Rxd5 21. b3 b5 22. Rxd5 Qxd5 23. Rd1 Qe4 24. Qf3 Qb4 25. Qc6 Qc3+ 26. Kb1 Qxe3 27. g3 c4 28. Bc8 Bf8 29. Rd8 Qg1+ 30. Kc2 Qxh2+ 31. Kd1 Qg1+ 32. Ke2 Qh2+ 33. Kd1 1/2-1/2

[Event "CZE-chT1 East 0506"]
[Site "Czech Republic"]
[Date "2005.10.23"]
[Round "1.1"]
[White "Bernasek, Jan"]
[Black "Zurek, Milan"]
[Result "1-0"]
[WhiteElo "2440"]
[BlackElo "2397"]
[PlyCount "61"]
[EventDate "2005.10.23"]
[EventType "team-tourn"]
[EventRounds "11"]
[EventCountry "CZE"]
[SourceTitle "EXT 2008"]
[Source "ChessBase"]
[SourceDate "2007.11.25"]
[SourceVersion "1"]
[SourceVersionDate "2007.11.25"]
[SourceQuality "1"]

1. d4 d5 2. c4 c6 3. e3 f5 4. Bd3 Nf6 5. Qc2 e6 6. Ne2 Bd6 7. Nbc3 a6 8. f3 0-0 9. c5 Bc7 10. Bd2 Nbd7 11. 0-0-0 b6 12. cxb6 Nxb6 13. e4 dxe4 14. fxe4 Ng4 15. Rdf1 Nxh2 16. Rf2 Ng4 17. Rf3 g6 18. Na4 Nxa4 19. Qxa4 Bd7 20. Qc4 fxe4 21. Bxe4 Nf2 22. Rf1 Qh4 23. Bxc6 Nd3+ 24. Kb1 Ne5 25. Rxf8+ Rxf8 26. Rxf8+ Kxf8 27. Bb4+ Kg8 28. Qc5 Qf6 29. Bxd7 Qf5+ 30. Ka1 Qf1+ 31. Nc1 1-0

[Event "CZE-chT 0203"]
[Site "Czech Republic"]
[Date "2003.03.15"]
[Round "8"]
[White "Zurek, Milan"]
[Black "Dydyshko, Viacheslav"]
[Result "0-1"]
[WhiteElo "2451"]
[BlackElo "2544"]
[PlyCount "80"]
[EventDate "2002.10.01"]
[EventType "team-tourn"]
[EventRounds "11"]
[EventCountry "CZE"]
[SourceTitle "EXT 2004"]
[Source "ChessBase"]
[SourceDate "2003.11.25"]
[SourceVersion "1"]
[SourceVersionDate "2003.11.25"]
[SourceQuality "1"]
[WhiteTeam "Litovel"]
[BlackTeam "Trinec"]
[WhiteTeamCountry "CZE"]
[BlackTeamCountry "CZE"]

1. d4 Nf6 2. c3 g6 3. Bg5 Bg7 4. Nd2 d6 5. e3 0-0 6. Bxf6 Bxf6 7. h4 h6 8. h5 g5 9. Bd3 Bg7 10. Qc2 Nd7 11. 0-0-0 c5 12. Ne2 d5 13. dxc5 Nxc5 14. Bh7+ Kh8 15. Nb3 Qb6 16. Nxc5 Qxc5 17. Nd4 b5 18. Nb3 Qb6 19. Rxd5 Be6 20. Rd2 b4 21. c4 Bxc4 22. Be4 Rac8 23. Kb1 f5 24. Bd3 Bd5 25. Qd1 Bxg2 26. Rg1 Bd5 27. Qe2 a5 28. Nd4 e6 29. Bc2 Rc7 30. f3 a4 31. Bxa4 f4 32. Rgd1 fxe3 33. Qxe3 Rxf3 34. Qxf3 Bxf3 35. Nxf3 Bf6 36. Nd4 Rc4 37. Nb5 Rf4 38. Rd7 Rf2 39. Nd4 g4 40. Bb3 g3 0-1

[Event "CZE-chT 0203"]
[Site "Czech Republic"]
[Date "2003.02.15"]
[Round "6"]
[White "Stocek, Jiri"]
[Black "Zurek, Milan"]
[Result "0-1"]
[WhiteElo "2555"]
[BlackElo "2451"]
[PlyCount "70"]
[EventDate "2002.10.01"]
[EventType "team-tourn"]
[EventRounds "11"]
[EventCountry "CZE"]
[SourceTitle "EXT 2004"]
[Source "ChessBase"]
[SourceDate "2003.11.25"]
[SourceVersion "1"]
[SourceVersionDate "2003.11.25"]
[SourceQuality "1"]
[WhiteTeam "Plzen"]
[BlackTeam "Litovel"]
[WhiteTeamCountry "CZE"]
[BlackTeamCountry "CZE"]

1. c4 c6 2. e4 d5 3. exd5 Nf6 4. d4 cxd5 5. Nc3 Nc6 6. Bg5 Be6 7. Be2 Qa5 8. Nf3 dxc4 9. 0-0 Rd8 10. Re1 b5 11. Qc1 b4 12. Bxf6 bxc3 13. d5 Bxd5 14. Bxc3 Qc5 15. Qf4 e6 16. Rad1 Bd6 17. Qg4 Ne7 18. Qxg7 Rg8 19. Qxh7 Rg6 20. g3 Nf5 21. Ne5 Bxe5 22. Bxe5 Rh6 23. Qg8+ Ke7 24. Qg5+ f6 25. Bd4 Qc6 26. Bxf6+ Rxf6 27. Bg4 Bh1 28. Bh3 Rxd1 29. Rxd1 Bd5 30. Re1 Be4 31. Qf4 Nd6 32. Qg5 Qb6 33. Re2 c3 34. Qg7+ Nf7 35. bxc3 Bd3 0-1

[Event "CZE-chT 0203"]
[Site "Czech Republic"]
[Date "2002.11.30"]
[Round "3"]
[White "Zurek, Milan"]
[Black "Hracek, Zbynek"]
[Result "1/2-1/2"]
[WhiteElo "2451"]
[BlackElo "2600"]
[PlyCount "36"]
[EventDate "2002.10.01"]
[EventType "team-tourn"]
[EventRounds "11"]
[EventCountry "CZE"]
[SourceTitle "EXT 2004"]
[Source "ChessBase"]
[SourceDate "2003.11.25"]
[SourceVersion "1"]
[SourceVersionDate "2003.11.25"]
[SourceQuality "1"]
[WhiteTeam "Litovel"]
[BlackTeam "Opava"]
[WhiteTeamCountry "CZE"]
[BlackTeamCountry "CZE"]

1. d4 Nf6 2. c3 d6 3. Bg5 Nbd7 4. e3 e5 5. Nf3 Be7 6. Qc2 Nd5 7. Bxe7 Qxe7 8. c4 Nb4 9. Qb3 a5 10. a3 Nc6 11. Nc3 0-0 12. Be2 Nf6 13. Nd5 Qd8 14. dxe5 Nxe5 15. Nxe5 dxe5 16. Rd1 Nxd5 17. cxd5 Qd6 18. 0-0 Bd7 1/2-1/2

[Event "CZE-chT 0102"]
[Site "Czech Republic"]
[Date "2001.12.16"]
[Round "5"]
[White "Zurek, Milan"]
[Black "Navara, David"]
[Result "1/2-1/2"]
[WhiteElo "2440"]
[BlackElo "2499"]
[PlyCount "161"]
[EventDate "2001.10.20"]
[EventType "team-tourn"]
[EventRounds "11"]
[EventCountry "CZE"]
[SourceTitle "EXT 2019"]
[Source "ChessBase"]
[SourceDate "2018.10.10"]
[SourceVersion "1"]
[SourceVersionDate "2018.10.10"]
[SourceQuality "1"]
[WhiteTeam "Grygov A64 Valoz"]
[BlackTeam "Praha Dukla"]
[WhiteTeamCountry "CZE"]
[BlackTeamCountry "CZE"]

1. d4 Nf6 2. c3 d6 3. Bg5 Nbd7 4. Nd2 e5 5. e3 Be7 6. Bd3 b6 7. Ne2 Bb7 8. 0-0 0-0 9. Ng3 Re8 10. Qb3 d5 11. Nf5 Bf8 12. f4 e4 13. Be2 h6 14. Bh4 g6 15. Ng3 c5 16. Nh1 Qc7 17. g4 cxd4 18. cxd4 Rec8 19. Rfd1 a5 20. a3 a4 21. Qa2 Ba6 22. Bxa6 Rxa6 23. Nf2 Bd6 24. Nf1 Ra5 25. Qb1 Rb5 26. Rd2 Rb3 27. Bg3 b5 28. Qd1 Nb6 29. Re2 Nc4 30. Ra2 Qd7 31. h3 Rb8 32. Qe1 b4 33. axb4 R8xb4 34. Nd1 Qb5 35. Bh4 Ne8 36. Nc3 Qc6 37. Nd1 Nc7 38. Rc2 Qb7 39. Bf6 Ne6 40. Qf2 Qd7 41. Nc3 a3 42. bxa3 Nxa3 43. Nxd5 Nxc2 44. Qxc2 Rb5 45. Nc3 Rb6 46. Nd5 Rb8 47. Nc3 R8b6 48. Nd5 Rb8 49. Qxe4 Nc7 50. Nxc7 Qxc7 51. Ra8 Rb1 52. Rxb8+ Qxb8 53. Qf3 Qb5 54. h4 Qd3 55. g5 h5 56. Be5 Bb4 57. Qa8+ Bf8 58. Qf3 Kh7 59. f5 Qxf5 60. Qxf5 gxf5 61. Kf2 Bb4 62. Ng3 Kg6 63. Kf3 Be1 64. Ke2 Rc1 65. d5 Bb4 66. Kf3 Rc2 67. Ne2 Be1 68. Bf6 Bxh4 69. Nf4+ Kh7 70. g6+ fxg6 71. Bxh4 Rd2 72. Bg5 Kg7 73. Ne6+ Kf7 74. Nd4 Rd1 75. Kf4 Rg1 76. Nf3 Rf1 77. Ke5 Rxf3 78. d6 f4 79. d7 Rxe3+ 80. Kxf4 Rd3 81. d8Q 1/2-1/2

[Event "CZE-chT 0102"]
[Site "Czech Republic"]
[Date "2001.10.21"]
[Round "2"]
[White "Jakubiec, Artur"]
[Black "Zurek, Milan"]
[Result "1/2-1/2"]
[WhiteElo "2498"]
[BlackElo "2440"]
[PlyCount "42"]
[EventDate "2001.10.20"]
[EventType "team-tourn"]
[EventRounds "11"]
[EventCountry "CZE"]
[SourceTitle "EXT 2019"]
[Source "ChessBase"]
[SourceDate "2018.10.10"]
[SourceVersion "1"]
[SourceVersionDate "2018.10.10"]
[SourceQuality "1"]
[WhiteTeam "Karvina SK Banik CSA "]
[BlackTeam "Grygov A64 Valoz"]
[WhiteTeamCountry "CZE"]
[BlackTeamCountry "CZE"]

1. e4 d5 2. exd5 Nf6 3. Nf3 Nxd5 4. d4 g6 5. c4 Nb6 6. Nc3 Bg7 7. c5 Nd5 8. Bc4 c6 9. Qb3 0-0 10. 0-0 Nxc3 11. bxc3 b5 12. cxb6 axb6 13. Ne5 Bxe5 14. dxe5 b5 15. Be2 Be6 16. Qc2 Ra4 17. Bh6 Re8 18. f4 Bf5 19. Qb2 Nd7 20. Bd1 Qb6+ 21. Kh1 Ra6 1/2-1/2